00322nam a2200097 a 450000500170000000800410001705000210005824500720007965000090015165000640016020141022142007.0080925s19uu xx 00 eng d aCD-ROMbG31 2003 aGerman: the new and modern way to learn or to refresh the language. aACD. aThe new and modern way to learn or to refresh the language.